Engineering economy / E. Paul DeGarmo., William G. Sullivan and James A. Bontadelli. (Record no. 2792)

000 -LEADER
fixed length control field 00574nam a22001817a 4500
020 ## - INTERNATIONAL STANDARD BOOK NUMBER
ISBN 971105549X
082 ## - DEWEY DECIMAL CLASSIFICATION NUMBER
Classification number 658.1596
Item number D3632 1988
100 ## - MAIN ENTRY--AUTHOR NAME
Personal name DeGarmo, E. Paul, author.
245 ## - TITLE STATEMENT
Title Engineering economy / E. Paul DeGarmo., William G. Sullivan and James A. Bontadelli.
250 ## - EDITION STATEMENT
Edition statement eighth edition.
260 ## - PUBLICATION, DISTRIBUTION, ETC. (IMPRINT)
Place of publication New York :
Name of publisher MacMillan Publication,
Year of publication c1988.
300 ## - PHYSICAL DESCRIPTION
Number of Pages xv. 747 pages ;
Other physical details 26 cm.
500 ## - GENERAL NOTE
General note Includes bibliography and index.
650 ## - SUBJECT ADDED ENTRY--TOPICAL TERM
Topical Term Engineering economy.
700 ## - ADDED ENTRY--PERSONAL NAME
Personal name Sullivan, William G.
700 ## - ADDED ENTRY--PERSONAL NAME
Personal name Bontadelli, James A.
942 ## - ADDED ENTRY ELEMENTS (KOHA)
Koha item type Books
Holdings
Source of acquisition Permanent Location Date acquired Koha item type Collection code Accession Number Lost status Shelving location Withdrawn status Current Location Full call number
SchoolCagayan State University - Carig Library2015-01-05BooksApplied Sciences005874 General Collection Cagayan State University - Carig Library658.1596 D3632 1988
SchoolCagayan State University - Carig Library2015-01-05BooksApplied Sciences005875 General Collection Cagayan State University - Carig Library658.1596 D3632 1988

Cagayan State University University Library, Carig Campus
Tuguegarao City, Cagayan 3500 | www.csucarig.edu.ph

Powered by Koha